000 00665nam a2200217Ia 4500
003 IN-BaIIA
008 211028s9999 xx 000 0 eng d
020 _a90-277-1118-6
040 _cIIA Library
080 _a082.2:52
_bIAU-S92
100 _aAbell, G. O.
_911263
245 0 _aObjects of high redshift
_cG. O. Abell
260 _aDordrecht
_bD. Reidel Publishing
_c1980
300 _axvi, 340p.
650 _aAstronomy and Astrophysics Thesaurus
650 _aGalaxies
_91286
650 _aGravitational redshift
_911264
650 _aObservational cosmology
_98429
650 _aRedshift
_98391
942 _cBK
999 _c6577
_d6577